Yo fui guardaespaldas de Hitler, 1940-1945 / (Record no. 110445)

MARC details
000 -LEADER
campo de control de longitud fija 01085nam a2200313Mi 4500
001 - NÚMERO DE CONTROL
campo de control 50429
005 - FECHA Y HORA DE LA ÚLTIMA TRANSACCIÓN
campo de control 20230411090002.0
008 - DATOS DE LONGITUD FIJA--INFORMACIÓN GENERAL
campo de control de longitud fija 070329s2007 sp 000 0 spa d
035 ## - NÚMERO DE CONTROL DEL SISTEMA
Número de control de sistema (OCoLC)ocn122935644
040 ## - FUENTE DE CATALOGACIÓN
Centro catalogador/agencia de origen PL#
Lengua de catalogación spa
Centro/agencia transcriptor PL#
020 ## - NÚMERO INTERNACIONAL ESTÁNDAR DEL LIBRO
Número Internacional Estándar del Libro 8430606262
020 ## - NÚMERO INTERNACIONAL ESTÁNDAR DEL LIBRO
Número Internacional Estándar del Libro 9788430606269
029 0# - OTRO NÚMERO DE CONTROL DE SISTEMA (OCLC)
Identificador de la biblioteca OCLC PL#
Número de control de sistema 070000041
035 ## - NÚMERO DE CONTROL DEL SISTEMA
Número de control de sistema (OCoLC)122935644
049 ## - FONDOS LOCALES (OCLC)
Biblioteca depositaria GRAL
100 1# - ENTRADA PRINCIPAL--NOMBRE DE PERSONA
Nombre de persona Misch, Rochus.
245 10 - MENCIÓN DEL TÍTULO
Título Yo fui guardaespaldas de Hitler, 1940-1945 /
Mención de responsabilidad, etc. Rochus Misch ; testimonio recogido por Nicolas Bourcier ; traducción de Núria Petit.
260 ## - PUBLICACIÓN, DISTRIBUCIÓN, ETC.
Lugar de publicación, distribución, etc. Madrid :
Nombre del editor, distribuidor, etc. Taurus,
Fecha de publicación, distribución, etc. c2007.
300 ## - DESCRIPCIÓN FÍSICA
Extensión 302 p. ;
Dimensiones 22 cm.
500 ## - NOTA GENERAL
Nota general Título original: J'étais garde du corps d'Hitler. -- Publ. en catalán: Lleida : Pagáes ed., 2006.
653 ## - TÉRMINO DE INDIZACIÓN--NO CONTROLADO
Término no controlado Misch, Rochus, 1918.
653 ## - TÉRMINO DE INDIZACIÓN--NO CONTROLADO
Término no controlado Guerra mundial, 1939-1945
-- Alemania
-- Memorias y recuerdos.
653 ## - TÉRMINO DE INDIZACIÓN--NO CONTROLADO
Término no controlado Hitler, Adolf
-- Muerte y entierro.
700 1# - ENTRADA AGREGADA--NOMBRE PERSONAL
Nombre de persona Bourcier, Nicolas,
Término indicativo de función/relación ed.
700 1# - ENTRADA AGREGADA--NOMBRE PERSONAL
Nombre de persona Petit, Núria,
Término indicativo de función/relación tr.
938 ## -
-- Puvill Libros
-- PUVL
-- 9788430606269
-- $31.78
942 ## - ELEMENTOS DE ENTRADA SECUNDARIOS (KOHA)
Fuente del sistema de clasificación o colocación Clasificación de Library of Congress
Tipo de ítem Koha
994 ## -
-- C0
-- DRFGD
Holdings
Estatus retirado Estado de pérdida Fuente del sistema de clasificación o colocación Estado de daño No para préstamo Colección Biblioteca de origen Biblioteca actual Ubicación en estantería Fecha de adquisición Código de barras Visto por última vez Copia número Tipo de ítem Koha
    Clasificación de Library of Congress     Automatización y Procesos Técnicos Biblioteca Juan Bosch Biblioteca Juan Bosch Automatización y Procesos Técnicos (1er. Piso) 11/04/2023 00000052044 17/02/2019 1